01828nam a2200241 u 45000010006000000050017000060080041000230200018000640350010000820350021000920400013001130410008001260820008001341000033001422450035001752600040002103000016002504900024002665201211002906500027015016500030015287000028015585271820260504074854.0960313s1987 spa  a9788420632131 a52718 a(OCoLC)778140230 ccomduadb aspa 4a84300aLanzarote del Lago4auteaut10aHistoria de Lanzarote del Lago aMadrid :bAlianza Editorial,c1987. aVolúmenes0 aAlianza Tres ;v2133 aRESUMEN : La obra narra la biografía del caballero Lanzarote desde su nacimiento. Tras la pérdida de sus padres, el rey Ban de Benoic y la reina Elaine, Lanzarote es criado por la Dama del Lago, surgida de las aguas, que conoce los secretos de Merlín. Educa al "mejor de los caballeros", el que parece destinado a alcanzar el Santo Grial. Lanzarote vivirá mil aventuras en torno al rey Arturo y su Mesa Redonda: los amores por la reina Ginebra, las iras de Morgana, cruentas batallas y grandes torneos, encantamientos y engaños, lances por el honor de una dama... Será aclamado y desterrado, se volverá loco y, una vez curado, terminará cediendo el testigo a su hijo Galaz, quien, al cumplir quince años, alcanza la edad de emprender sus propias gestas y es armado caballero. La abundancia de personajes que intervienen en la narración, así como la variedad de peripecias y aventuras que quedan en suspenso para ser retomadas más adelante, confieren a la novela la estructura de un complejo entramado. Caballeros y doncellas, hadas y magos, ermitaños y enanos intervienen en innumerables aventuras entremezcladas con episodios de intenso contenido dramático de la trama central. aLibros de caballería 7aLiteratura medieval2lemb10aAlvar, Carlos4trletrl